[Event "Vergeze Gard-chC"]
[Site "Vergeze"]
[Date "2012.05.18"]
[Round "3"]
[White "Nicolas, Gabrielle"]
[Black "Flouret, Jean Francois"]
[Result "1-0"]
[WhiteElo "1614"]
[BlackElo "1578"]
[PlyCount "80"]
[EventDate "2012.05.17"]
[EventType "tourn"]
[EventRounds "7"]
[EventCountry "FRA"]
[SourceTitle "EXT 2013"]
[Source "ChessBase"]
[SourceDate "2012.11.22"]
[SourceVersion "1"]
[SourceVersionDate "2012.11.22"]
[SourceQuality "1"]

1. d4 Nf6 2. c4 d5 3. Nc3 c6 4. e3 g6 5. Nf3 Bg7 6. cxd5 cxd5 7. Bb5+ Bd7 8. Bxd7+ Nbxd7 9. 0-0 0-0 10. Bd2 Re8 11. Qb3 Nb6 12. Rac1 Rb8 13. Rfd1 e6 14. Be1 Nfd7 15. Nd2 Qe7 16. Rc2 Rbc8 17. Rdc1 Nb8 18. Na4 Rxc2 19. Rxc2 Nxa4 20. Qxa4 Nc6 21. Nb3 e5 22. Bc3 exd4 23. Nxd4 Qe4 24. Rd2 Bh6 25. Re2 Qg4 26. Qc2 Rc8 27. Nf3 Bf8 28. h3 Qd7 29. Qd2 Bc5 30. Re1 Re8 31. Rd1 Rd8 32. b4 Bd6 33. Kh1 Ne7 34. Qd4 Kf8 35. Qg7+ Ke8 36. Qh8+ Ng8 37. Qxg8+ Bf8 38. Bg7 Qe7 39. Qxf8+ Qxf8 40. Bxf8 Kxf8 1-0